Jamiroquai Songs - Sudden Death - Statistics

General Stats
  • This quiz has been taken 164 times
    93 since last reset
  • The average score is 12 of 18
Answers on the Grid
Answers color-coded by a green-red scale on the quiz's grid according to % correct below.
Romeo
Virtual Insanity
Standing in the Rain
Space Cowboy
Daffodils
Ain't Nobody
True Blue
Canned Heat
Through the Fire
Cosmic Girl
Valerie
Cloud 9
Little L
Magnolia
Too Young To Die
Chameleon
Watermelon Man
Automaton
Toast
Love Foolosophy
Grace Kelly
Talullah
1950
Deeper Underground
I Can't Decide
Alright
Just Once
King for a Day
Crazy
Stillness in Time
Hot Property
Going On
Carla
Take Your Mama
Summer Girl
Again
Fly Away
American Woman
Mr. Moon
 
Answer Stats
Answer % Correct
Space Cowboy
91%
Cosmic Girl
89%
Virtual Insanity
89%
Canned Heat
81%
Little L
78%
Love Foolosophy
76%
Talullah
74%
Too Young To Die
74%
Automaton
70%
Cloud 9
69%
Alright
67%
Mr. Moon
65%
Stillness in Time
65%
Deeper Underground
61%
Summer Girl
56%
King for a Day
48%
Hot Property
44%
Carla
37%
No matching quizzes found
Score Distribution
Percent of People with Each Score
Percentile by Number Answered
Your Score History
You have not taken this quiz since the last reset